| 000 | 00520cam a22002171 4500 | ||
|---|---|---|---|
| 001 | sa 68000167 | ||
| 003 | DLC | ||
| 005 | 20260227112421.0 | ||
| 008 | 920102s1966 ii 000 0 kano | ||
| 010 | _asa 68000167 | ||
| 035 | _a(OCoLC)25038850 | ||
| 040 |
_aDLC _cWaU _dDLC |
||
| 042 | _apremarc | ||
| 050 | 0 | 0 |
_aPL4650.5 _b.V3 |
| 100 | 1 |
_aVaradarājarāv, Ji., _d1918- |
|
| 245 | 1 | 0 | _aPaḍinuḍi. |
| 260 | _c[1966] | ||
| 300 |
_aiv, 158 p. _c19 cm. |
||
| 500 | _aIn Kannada. | ||
| 650 | 0 | _aKannada literature. | |
| 999 |
_c76997 _d76997 |
||